LEADER 00965nam0-22002891i-450 001 990001689940403321 005 20190604115108.0 035 $a000168994 035 $aFED01000168994 035 $a(Aleph)000168994FED01 035 $a000168994 100 $a20030910d1985----km-y0itay50------ba 101 0 $aita 200 1 $aConvegno internazionale del pesco, Verona, Ravenna, Campania, 9-14 luglio 1984$fInternational Society for Horticultural Science 210 $aVerona$cISHS$d1985 215 $a733 p.$d24 cm 610 0 $aPesche 676 $a634.25 710 12$aConvegno internazionale del pesco$f<1984 ;$eVerona>$0354515 712 02$aInternational Society for Horticultural Science 801 0$aIT$bUNINA$gRICA$2UNIMARC 901 $aBK 912 $a990001689940403321 952 $a60 634.25 COPE 1985$b182$fFAGBC 959 $aFAGBC 996 $aConvegno internazionale del pesco, Verona, Ravenna, Campania, 9-14 luglio 1984$9361487 997 $aUNINA